Guess the 1960s song lyrics #71 - Statistics

General Stats
  • This quiz has been taken 25 times
  • The average score is 257 of 316
Answer Stats
Answer % Correct
a
100%
can
100%
do
100%
from
100%
I
100%
me
100%
my
100%
My
100%
No
100%
not
100%
to
100%
you
100%
be
95%
could
95%
He
95%
man
95%
Nothing
95%
say
95%
take
95%
the
95%
away
89%
ever
89%
it
89%
of
89%
who
89%
and
84%
but
84%
guy
84%
I'm
84%
is
84%
make
84%
we
84%
when
84%
are
79%
like
79%
Like
79%
may
79%
that
79%
bein
74%
cause
74%
tell
74%
Tell
74%
together
74%
What
74%
As
68%
as
68%
birds
68%
comes
68%
feather
68%
hand
68%
star
68%
stuck
68%
There's
68%
glue
63%
place
63%
stick
63%
apart
58%
bound
58%
can't
58%
movie
58%
muscle
58%
Muscle
58%
tellin
58%
gonna
53%
happy
53%
lie
53%
more
53%
start
53%
tear
53%
think
53%
won't
53%
today
47%
untrue
47%
he's
42%
He's
42%
sticking
42%
What's
42%
face
37%
gave
37%
handsome
37%
Handsome
37%
matter
37%
opinion
37%
torn
37%
word
37%
fact
32%
honor
32%
best
26%
cream
26%
crop
26%
faithful
26%
letter
26%
stamp
26%
tops
26%
You'd
26%
believing
21%
buy
21%
taste
21%
deceiving
16%
exact
11%
ideal
11%
No matching quizzes found
Score Distribution
Percent of People with Each Score
Percentile by Number Answered
Your Score History
You have not taken this quiz